Conferència club : invitació rigorosament personal a la conferència invitació rigorosament personal a la conferència
Descripción Física:
targeta ; 11'5 x 15 cm
Materias:
Fons Joan Junyer i Pascual (1909-1994)
Idioma:
Catalán
MARC
| LEADER | 00000nam a2200000 a 4500 | ||
|---|---|---|---|
| 001 | 29222 | ||
| 003 | AGDB | ||
| 005 | 20260324181543.0 | ||
| 008 | 260109b spa||||| |||| 00| 0 cat d | ||
| 040 | |a agdb |b cat | ||
| 041 | |a cat | ||
| 245 | |a Conferència club : |b invitació rigorosament personal a la conferència |h (targeta) | ||
| 260 | |a Barcelona : |b [s.n.], |c 1936 | ||
| 300 | |a targeta ; |c 11'5 x 15 cm | ||
| 500 | |a Prové del fons Joan Junyer i Pascual (1909-1994) | ||
| 500 | |a Targeta d'invitació a la conferència d'Eustache de Lorey celebrada a l'Hotel Ritz, Barcelona, el 29 d'abril de 1936 | ||
| 650 | |a Fons Joan Junyer i Pascual (1909-1994) |9 72777 | ||
| 942 | |2 udc |c ARXIU |n 1 | ||
| 952 | |0 0 |1 0 |2 udc |4 0 |6 F504315 |7 1 |9 98910 |a Arxiu |b Arxiu |d 2026-01-09 |l 0 |o F-504-315 |p 29222 |r 2026-01-09 13:49:30 |w 2026-01-09 |y ARXIU | ||
| 999 | |c 130578 |d 130578 | ||